La Política exterior de EEUU y las relaciones civiles-militares en centroamérica /

Guardat en:
Dades bibliogràfiques
Autor principal: Isacson, Adam
Format: Text
Etiquetes: Afegir etiqueta
Sense etiquetes, Sigues el primer a etiquetar aquest registre!

MARC

LEADER 00000 a a2200000 04500
001 4990
003
040
100 |a Isacson, Adam  
245 |a La Política exterior de EEUU y las relaciones civiles-militares en centroamérica /  |c Adam Isacson 
773 |g número 38; páginas 30-35  
999 |c 35001  |d 35001